000 00356nam a2200145Ia 4500
008 191201s2006 xx 000 0 und d
082 _a658.5
_bIVO
100 _aIVANCEVICH, John M
245 0 _aOrganizational Behavior and Management
250 _a7th
260 _aN.Delhi
_bTata Mc Graw Hill
_c2006
300 _a718
650 _aMBA
942 _2ddc
_cBK
999 _c3219
_d3219